Integrar la vida : (Registro nro. 21985)
[ vista simple ]
| 000 -Cabecera | |
|---|---|
| Campo de control interno | 00965nam a2200265Ia 4500 |
| 005 - Fecha y hora del registro | |
| control field | 20260320113331.0 |
| 008 - Elementos de Longitud Fija | |
| fixed length control field | 260320s9999||||xx |||||||||||||| ||und|| |
| 020 ## - ISBN | |
| ISBN | 9788434433311 |
| 041 ## - Idioma | |
| Codigo Idioma | ESP |
| 082 ## - DEWEY y NOTACIÓN INTERNA | |
| Dewey | 650.1 |
| Notación Interna | CH554 |
| 100 ## - AUTOR | |
| Autor denominación | Chinchilla, Nuria, |
| Término de relación | autor |
| 245 #0 - TÍTULO DE MATERIAL BIBLIOGRÁFICO | |
| Título | Integrar la vida : |
| Título paralelo | liderar con éxito la trayectoria profesional y personal en un mundo global |
| 246 ## - TÍTULO TRADUCIDO | |
| Título | |
| Título paralelo | |
| Autor | |
| 250 ## - EDICIÓN | |
| Edición | Primera edición, sexta reimpresión |
| 260 ## - CIUDAD, EDITORIAL, AÑO | |
| Ciudad | Barcelona : |
| Nombre de la Editorial | Ariel, |
| Año | 2025 |
| 300 ## - DESCRIPCIÓN | |
| N° Páginas | 191 páginas : |
| Otros detalles | ilustraciones, cuadros ; |
| Dimensiones | 23 cm. |
| Material Adicional | |
| 440 ## - MENCIÓN DE SERIE | |
| Título de la Serie | |
| Número de Serie | |
| Volumen de Serie | |
| 650 ## - TEMAS | |
| Temas | Tecnología (Ciencias Aplicadas) |
| 653 ## - DESCRIPTORES | |
| Lenguajes no controlado | Exito personal en los negocios; Desarrollo personal; Liderazgo; Conciliación |
| 654 ## - PROGRAMAS | |
| Programa | Dpto. de Contabilidad |
| 700 ## - OTROS AUTORES | |
| Otros autores | Jiménez, Esther; García-Lombardía, Pilar, |
| Títulos y otras palabras asociadas con el nombre | autores |
| 856 ## - URL - UBICACIÓN | |
| URI/URL: Enlace exacto del recurso | <a href="https://0u20ymupm-y-https-www-bibliotechnia-com-mx.itmsp.museknowledge.com/">https://0u20ymupm-y-https-www-bibliotechnia-com-mx.itmsp.museknowledge.com/</a> |
| Nota pública: Versión digital | <a href="Véase además: Base de datos BiblioTechnia">Véase además: Base de datos BiblioTechnia</a> |
| 942 ## - ELEMENTOS DE KOHA | |
| Tipo de documento | Libro |
| Nombre del creador | Justo Noguera |
| Código de catalogador | Margarita Torres |
| Esquema de clasificación | Dewey Decimal Classification |
| Suppress in OPAC | |
| Codigo completo | Registro | Colección | Copia número | Disponibilidad | Tipo de préstamo | Biblioteca Actual | Procedencia (Biblioteca) | Ubicacón | Fecha Ingreso | Tipo de Adquisición | Observación | Date last seen | Total checkouts | Price effective from | Tipo de Item | Estado del Material | Fuente de Clasificación | Damaged status | Withdrawn status |
|---|---|---|---|---|---|---|---|---|---|---|---|---|---|---|---|---|---|---|---|
| 650.1 CH554 | 1086554 | Universidad Católica San Pablo | 1 | Disponible | Disponible | Víctor Andrés Belaunde | Víctor Andrés Belaunde | Segundo piso | 10/03/2026 | Compra | Humanidades | 20/03/2026 | 20/03/2026 | Libro | Bueno | Dewey Decimal Classification |




